| 000 | 00412nam a2200157 i 4500 | ||
|---|---|---|---|
| 001 | bg | ||
| 100 | 1 |
_aDĄBROWSKI, Kazimierz _c(bhp). |
|
| 245 | 0 |
_aRemonty i konserwacja maszyn oraz urządzeń technicznych / _cK. Dąbrowski. |
|
| 250 | _aWyd.2. | ||
| 260 |
_aWarszawa, _c1988. |
||
| 040 | _cBPK | ||
| 041 | _apol | ||
| 080 | _a621.797:658.58:331.82 | ||
| 942 | _cKS | ||
| 008 | s pl f |000 0 pol | ||
| 999 |
_c3725 _d3725 |
||
| 856 |
_uhttp://koha.tu.koszalin.pl/cgi-bin/koha/opac-detail.pl?biblionumber=3725 _yKatalog online BPK |
||